| 000 | 01108nam a2200277 i 4500 | ||
|---|---|---|---|
| 001 | 186175 | ||
| 003 | ES-MaACL | ||
| 005 | 20231207114546.0 | ||
| 008 | 160914s2016 mx |||| |dspa d | ||
| 020 | _a978-607-524-021-3 | ||
| 080 | _a821.134.2(=1.460:72).09"19" | ||
| 080 | _a929-054.7(=1.460:72)"19" | ||
| 245 | 0 | 0 |
_aEscritoras españolas en el exilio mexicano _b: estrategias para la construcción de una identidad femenina / _cEugenia Helena Houvenaghel, coordinadora ; con la colaboración de Florien Serlet. |
| 250 | _a1ª ed. | ||
| 260 |
_aMéxico : _bMiguel Ángel Porrúa, _c2016. |
||
| 300 |
_a299 p. ; _c21 cm. |
||
| 490 | 1 |
_aEl pirul. _aVaria literaria |
|
| 504 | _aReferencias bibliográficas. | ||
| 650 | 4 |
_aLiteratura española- _xAutores exiliados- _yMéxico- _xHistoria y crítica. _914550 |
|
| 650 | 0 | 4 |
_aExiliados españoles- _zMéxico. _912674 |
| 650 | 4 |
_aEscritoras españolas- _yS.XX. _912375 |
|
| 830 | 0 |
_aEl pirul. _aVaria literaria _9225362 |
|
| 852 |
_aES-MaACL _jA-13907 _9193228 _bR.151200 _cDEPO1 _dOlim: N-6907 |
||
| 942 |
_2udc _cMONOGRAFIA |
||
| 999 |
_c186175 _d186175 |
||